ARRUPE JESUIT UNIVERSITY

CORONAVIRUS -STOP THE SPREAD - CLEAN,DISINFECT,COVER

Bread of life and cup of joy : (Record no. 119803)

MARC details
000 -LEADER
fixed length control field 00991cam a2200301 a 4500
001 - CONTROL NUMBER
control field 4480175
003 - CONTROL NUMBER IDENTIFIER
control field ARRUPE
005 - DATE AND TIME OF LATEST TRANSACTION
control field 20140130164452.0
008 - FIXED-LENGTH DATA ELEMENTS--GENERAL INFORMATION
fixed length control field 930311s1992 miu bd 001 0 eng d
010 ## - LIBRARY OF CONGRESS CONTROL NUMBER
LC control number 92037464
020 ## - INTERNATIONAL STANDARD BOOK NUMBER
International Standard Book Number 0802802524 (pbk.)
035 ## - SYSTEM CONTROL NUMBER
System control number (OCoLC)26929623
035 ## - SYSTEM CONTROL NUMBER
System control number (OCoLC)ocm26929623
035 ## - SYSTEM CONTROL NUMBER
System control number (NNC)4480175
040 ## - CATALOGING SOURCE
Original cataloging agency DLC
Transcribing agency DLC
Modifying agency NNUT
050 00 - LIBRARY OF CONGRESS CALL NUMBER
Classification number BV825.2
Item number .D385 1992
090 ## - LOCALLY ASSIGNED LC-TYPE CALL NUMBER (OCLC); LOCAL CALL NUMBER (OCLC)
Classification number (OCLC) (R) ; Classification number, CALL (RLIN) (NR) BV825.2
Local cutter number (OCLC) ; Book number/undivided call number, CALL (RLIN) .D385 1992
300 ## - PHYSICAL DESCRIPTION
Dimensions 22 cm.
100 1# - MAIN ENTRY--PERSONAL NAME
Personal name Davies, Horton.
9 (RLIN) 7437
245 10 - TITLE STATEMENT
Title Bread of life and cup of joy :
Remainder of title newer ecumenical perspectives on the eucharist /
Statement of responsibility, etc Horton Davies.
260 ## - PUBLICATION, DISTRIBUTION, ETC. (IMPRINT)
Place of publication, distribution, etc Grand Rapids, Mich. :
Name of publisher, distributor, etc W.B. Eerdmans ;
Place of publication, distribution, etc Leominster :
Name of publisher, distributor, etc Gracewing,
Date of publication, distribution, etc c1992.
300 ## - PHYSICAL DESCRIPTION
Extent x, 274 p. ;
504 ## - BIBLIOGRAPHY, ETC. NOTE
Bibliography, etc Includes bibliographical references, glossary (p. viii-x) and indexes.
650 #0 - SUBJECT ADDED ENTRY--TOPICAL TERM
Topical term or geographic name as entry element Lord's Supper.
9 (RLIN) 7438
650 #0 - SUBJECT ADDED ENTRY--TOPICAL TERM
Topical term or geographic name as entry element Lord's Supper
General subdivision History.
9 (RLIN) 7439
650 #0 - SUBJECT ADDED ENTRY--TOPICAL TERM
Topical term or geographic name as entry element Lord's Supper and Christian union.
9 (RLIN) 7440
942 ## - ADDED ENTRY ELEMENTS (KOHA)
Source of classification or shelving scheme Library of Congress Classification
Koha item type Monograph ( Printed materials)
Holdings
Withdrawn status Lost status Source of classification or shelving scheme Damaged status Not for loan Collection code Home library Current library Shelving location Date acquired Total Checkouts Full call number Barcode Date last seen Price effective from Koha item type
    Library of Congress Classification     Main Collection ARRUPE LIBRARY ARRUPE LIBRARY Main Collection 30/01/2014   BV825.2 .D385 1992 46412085 24/01/2017 30/01/2014 Monograph ( Printed materials)

 

Arrupe Library. PO Box MP320 Mt Pleasant, Harare, Zimbabwe
263 242 745411|librarian@aju.ac.zw